000 00728nam a2200253Ia 4500
005 20250425162435.0
008 250425s9999 xx 000 0 und d
020 _a0130085103
041 _aeng
043 _axxu
082 _a621.382
_pPAL
100 _aPalais, Joseph C.
245 0 _aFiber Optic Communications
_cJoseph C. Palais
250 _aQuinta ed.
260 _aEstados Unidos
_bPearson
_c2005
300 _a441 p.
_bIlustrado
_c24 cm
500 _aIncluye tabla de contenido, bibliografía, índice
650 _aBanda ancha-Fibra óptica
650 _aDetectores de luz
_eDetectores ópticos
650 _aSistema de comunicación
902 _aMonográfico
_cImpreso
942 _c01
010 _a74236
999 _c229297
_d229297